000 00754nam a2200169 a 4500
008 120416s2004 ||||||||||||||||| || u
050 _aIBRD(058)ABCDE/E/2003
100 _aTungodden, Bertil
245 1 0 _aAnnual World Bank Conference on Development Economics Europe 2003: toward pro-poor policies, aid, institutions, and globalization
_cEdited by Bertil Tungodden, Nicholas Stern, and Ivar Kolstad
260 _aWashington, D.C.
_bWorld Bank
_c2004
350 _a0.00
650 _aECONOMIC DEVELOPMENT--CONGRESSES
700 _aKolstad, Ivar
700 _aStern, Nicholas
710 _aWorld Bank
995 _D0.00
_FCBU-MAIN LIBRARY (Kitwe)
_H1
_I0.00
_M1
_UAVAILABLE
_ZInternational Publications
999 _c34461
_d34461